00576nam a2200157 i 4500001000300000100002500003245012900028260002100157040000800178041000800186942000700194008004100201999001700242856009800259952006100357bg1 aSZAMBELAŃCZYK, Jan 0aZmiany struktury ekonomiczno-społecznej ludności Polski a zaopatzrenie na wyższe wykształcenie /cJan Szambelańczyk. aWarszawa,c1982. cBPK apol cKS s pl f |000 0 pol  c21844d21844 uhttp://koha.tu.koszalin.pl/cgi-bin/koha/opac-detail.pl?biblionumber=21844yKatalog online BPK 00104070aBPKbBPKcwo30710p01574500s2013-10-09yKS